3 Villes connues dans le monde par Continents - Statistiques

Statistiques générales
  • Ce quiz a été pris 163 fois
  • Le résultat moyen est 12 sur 18
Statistiques - réponses
Réponse % Correct
Paris
99%
Londres
95%
New York
92%
Tokyo
92%
Berlin
85%
Sydney
81%
Rio de Janeiro
80%
Los Angeles
79%
Buenos Aires
69%
Shanghai
57%
Toronto
55%
Melbourne
51%
Bogotá
47%
Johannesburg
43%
Marrakech
35%
Dubaï
31%
Lagos
31%
Auckland
30%
Aucun quiz correspondant
Distribution des résultats
% des personnes avec chaque résultat
Percentile par nombre de réponses
Votre historique - résultats
Vous n’avez pas pris ce quiz